[Event "Ostrava op"]
[Site "Ostrava"]
[Date "2009.05.04"]
[Round "3"]
[White "Novak, Bohdan"]
[Black "Herman, Pavel"]
[Result "1/2-1/2"]
[WhiteElo "1905"]
[BlackElo "1835"]
[PlyCount "121"]
[EventDate "2009.05.02"]
[EventType "swiss"]
[EventRounds "9"]
[EventCountry "CZE"]
[SourceTitle "EXT 2011"]
[Source "ChessBase"]
[SourceDate "2010.11.26"]
[SourceVersion "1"]
[SourceVersionDate "2010.11.26"]
[SourceQuality "1"]

1. d4 d6 2. Nf3 Nf6 3. Bf4 g6 4. h3 Bg7 5. e3 c6 6. c4 Nbd7 7. Nc3 a6 8. a4 a5 9. Bd3 0-0 10. 0-0 Re8 11. Bc2 Qb6 12. Rb1 e5 13. Bh2 Qa6 14. b3 Qa7 15. Re1 Qb6 16. g4 Qb4 17. Na2 Qb6 18. b4 axb4 19. Nxb4 Qa5 20. Nd2 c5 21. dxe5 dxe5 22. Nd5 Ra6 23. Rb5 Qd8 24. e4 Ra5 25. Nb1 Rxb5 26. axb5 Nb6 27. Nxb6 Qxb6 28. Nc3 Be6 29. Nd5 Qd8 30. Bxe5 Nd7 31. Bxg7 Kxg7 32. Qd2 f6 33. f4 Nb6 34. Bd3 h6 35. Qc3 Bxd5 36. exd5 Rxe1+ 37. Qxe1 Qd6 38. Qe4 f5 39. gxf5 gxf5 40. Qe5+ Qxe5 41. fxe5 Kg6 42. Kf2 Nd7 43. e6 Ne5 44. Ke3 Kf6 45. Be2 b6 46. Kf4 Ng6+ 47. Kg3 Ke5 48. Bh5 Ne7 49. Bf7 Nc8 50. Kf3 Kf6 51. Ke3 Nd6 52. Kd3 Ne4 53. Ke3 Nd6 54. Kd3 Ne4 55. Bg8 Nd6 56. Bf7 Ne4 57. h4 Nd6 58. Bh5 Ke7 59. Be2 Kf6 60. Ke3 Ke5 61. Kd3 1/2-1/2

[Event "Ostrava CEZ op"]
[Site "Ostrava"]
[Date "2006.05.04"]
[Round "6"]
[White "Novak, Bohdan"]
[Black "Klimes, Jan"]
[Result "1-0"]
[WhiteElo "1923"]
[BlackElo "1731"]
[PlyCount "55"]
[EventDate "2006.04.29"]
[EventType "swiss"]
[EventRounds "9"]
[EventCountry "CZE"]
[SourceTitle "EXT 2008"]
[Source "ChessBase"]
[SourceDate "2007.11.25"]
[SourceVersion "1"]
[SourceVersionDate "2007.11.25"]
[SourceQuality "1"]

1. e4 c5 2. Nc3 Nc6 3. g3 g6 4. Bg2 Bg7 5. d3 d6 6. f4 Nf6 7. Nf3 0-0 8. 0-0 a6 9. h3 Bd7 10. Ne2 Rc8 11. c3 b5 12. Be3 a5 13. g4 b4 14. Ng3 Na7 15. Qd2 Bc6 16. f5 Nd7 17. Bh6 Qb6 18. Kh1 Rfe8 19. Bxg7 Kxg7 20. fxg6 fxg6 21. Ng5 Nf6 22. Qf4 Bd7 23. Nxh7 Kxh7 24. g5 Nh5 25. Qh4 Kg8 26. Nxh5 gxh5 27. Qxh5 e5 28. Rf7 1-0

[Event "Ostrava CEZ op"]
[Site "Ostrava"]
[Date "2006.04.29"]
[Round "1"]
[White "Novak, Bohdan"]
[Black "Bartos, Jan"]
[Result "0-1"]
[WhiteElo "1923"]
[BlackElo "2196"]
[PlyCount "54"]
[EventDate "2006.04.29"]
[EventType "swiss"]
[EventRounds "9"]
[EventCountry "CZE"]
[SourceTitle "EXT 2008"]
[Source "ChessBase"]
[SourceDate "2007.11.25"]
[SourceVersion "1"]
[SourceVersionDate "2007.11.25"]
[SourceQuality "1"]

1. e4 e5 2. Nf3 Nf6 3. Nc3 Nc6 4. Bb5 Bd6 5. d3 a6 6. Ba4 h6 7. h3 b5 8. Bb3 Bb7 9. Bd2 Na5 10. Nd5 Nxd5 11. Bxa5 Nf4 12. g3 Ne6 13. Bd2 Qf6 14. c3 Bc5 15. Qe2 0-0-0 16. Be3 d5 17. Bxd5 Rxd5 18. exd5 Bxd5 19. 0-0 Qxf3 20. Qxf3 Bxf3 21. Bxc5 Nxc5 22. Rfe1 Nxd3 23. Re3 e4 24. b4 f5 25. a4 Kb7 26. Ra2 g5 27. Rd2 Rd8 0-1

[Event "Ostrava SME op"]
[Site "Ostrava"]
[Date "2005.05.08"]
[Round "9"]
[White "Slovacek, Petr"]
[Black "Novak, Bohdan"]
[Result "1/2-1/2"]
[WhiteElo "2103"]
[BlackElo "1934"]
[PlyCount "79"]
[EventDate "2005.04.30"]
[EventType "swiss"]
[EventRounds "9"]
[EventCountry "CZE"]
[SourceTitle "CBM 106 Extra"]
[Source "ChessBase"]
[SourceDate "2005.07.01"]
[SourceVersion "1"]
[SourceVersionDate "2005.07.01"]
[SourceQuality "1"]

1. d4 Nf6 2. c4 c5 3. d5 b5 4. cxb5 a6 5. bxa6 Bxa6 6. Nc3 g6 7. e4 Bxf1 8. Kxf1 d6 9. Nf3 Bg7 10. h3 0-0 11. Kg1 Qb6 12. Kh2 Na6 13. Re1 Nd7 14. Re2 h6 15. Be3 Rfb8 16. Rc1 Qb4 17. a3 Qb3 18. Rec2 Nc7 19. Nd2 Qb7 20. Nc4 Nb5 21. Nxb5 Qxb5 22. Qd2 Kh7 23. Re1 Qb3 24. Qe2 Nb6 25. Nxb6 Rxb6 26. Bc1 Rab8 27. Qd2 Qa4 28. f4 Qd4 29. Qe2 Rb3 30. Rc4 Qd3 31. Qxd3 Rxd3 32. Re2 Rdb3 33. Rcc2 h5 34. e5 Rd3 35. exd6 exd6 36. Red2 Rxd2 37. Rxd2 Bd4 38. Re2 Kg7 39. f5 Be5+ 40. Kg1 1/2-1/2

[Event "Ostrava SME op"]
[Site "Ostrava"]
[Date "2005.05.03"]
[Round "4"]
[White "Novak, Bohdan"]
[Black "Borovicka, Bohumil"]
[Result "1/2-1/2"]
[WhiteElo "1934"]
[BlackElo "2087"]
[PlyCount "67"]
[EventDate "2005.04.30"]
[EventType "swiss"]
[EventRounds "9"]
[EventCountry "CZE"]
[SourceTitle "CBM 106 Extra"]
[Source "ChessBase"]
[SourceDate "2005.07.01"]
[SourceVersion "1"]
[SourceVersionDate "2005.07.01"]
[SourceQuality "1"]

1. e4 e6 2. Nc3 d5 3. Nf3 d4 4. Ne2 c5 5. c3 Nf6 6. e5 Nfd7 7. cxd4 cxd4 8. Nexd4 Nxe5 9. Bb5+ Ned7 10. Qe2 a6 11. Ba4 Bc5 12. 0-0 0-0 13. Bc2 Nf6 14. Nb3 Be7 15. d4 Nbd7 16. Bg5 Nd5 17. Bxe7 Qxe7 18. Ne5 N7f6 19. Rac1 Bd7 20. Nxd7 Qxd7 21. Bb1 Rfd8 22. g3 Rac8 23. Qd2 Rc6 24. Rxc6 Qxc6 25. Rc1 Qd7 26. Qc2 Ne7 27. Qc7 Rc8 28. Qxd7 Rxc1+ 29. Nxc1 Nxd7 30. Be4 Nd5 31. Bxd5 exd5 32. f3 Kf8 33. Kf2 Ke7 34. Ke3 1/2-1/2

[Event "Ostrava SME op"]
[Site "Ostrava"]
[Date "2005.04.30"]
[Round "1"]
[White "Didi, Jan"]
[Black "Novak, Bohdan"]
[Result "1-0"]
[WhiteElo "2124"]
[BlackElo "1934"]
[PlyCount "61"]
[EventDate "2005.04.30"]
[EventType "swiss"]
[EventRounds "9"]
[EventCountry "CZE"]
[SourceTitle "CBM 106 Extra"]
[Source "ChessBase"]
[SourceDate "2005.07.01"]
[SourceVersion "1"]
[SourceVersionDate "2005.07.01"]
[SourceQuality "1"]

1. e4 c6 2. d4 d5 3. exd5 cxd5 4. c4 Nf6 5. Nc3 Nc6 6. Nf3 Bg4 7. cxd5 Nxd5 8. Qb3 Nb6 9. d5 Nb8 10. Bf4 g6 11. Rc1 Bg7 12. Bb5+ Bd7 13. 0-0 0-0 14. Rfd1 Na6 15. Bxd7 Qxd7 16. Nb5 Rfc8 17. Nxa7 Rxc1 18. Bxc1 Qc7 19. Nb5 Qc4 20. Qxc4 Nxc4 21. b3 Nb2 22. Bxb2 Bxb2 23. Kf1 Nc5 24. a4 Bf6 25. g4 Nxb3 26. g5 Bg7 27. d6 exd6 28. Rxd6 Nc5 29. Nc7 Bf8 30. Rf6 Nxa4 31. Nxa8 1-0

[Event "IPCA World Cup"]
[Site "Hrabyne"]
[Date "2003.08.03"]
[Round "3"]
[White "Novak, Bohdan"]
[Black "Nabelek, Marek"]
[Result "0-1"]
[WhiteElo "1934"]
[BlackElo "2101"]
[PlyCount "86"]
[EventDate "2003.08.01"]
[EventType "swiss"]
[EventRounds "9"]
[EventCountry "CZE"]
[SourceTitle "CBM 095 Extra"]
[Source "ChessBase"]
[SourceDate "2003.09.04"]
[SourceVersion "1"]
[SourceVersionDate "2003.09.04"]
[SourceQuality "1"]

1. Nf3 d5 2. d4 Nf6 3. g3 e6 4. Bg2 Be7 5. 0-0 0-0 6. Ne5 c5 7. e3 Nc6 8. c3 Qc7 9. f4 Ne4 10. Nd2 f5 11. Nxe4 dxe4 12. b3 cxd4 13. exd4 Nxe5 14. fxe5 Qxc3 15. Rb1 Bd7 16. Bb2 Qa5 17. a4 Bc6 18. Rc1 Bd5 19. Re1 Qb6 20. Kh1 Bxb3 21. a5 Qb5 22. Qe2 Qxa5 23. g4 Rac8 24. gxf5 exf5 25. Rg1 Qd5 26. Rxc8 Rxc8 27. Qh5 Qf7 28. Qh3 Bd5 29. Bc1 Kh8 30. Rf1 g6 31. Be3 b5 32. Qg3 a5 33. Rc1 Rxc1+ 34. Bxc1 Qe6 35. Bh6 b4 36. h4 a4 37. h5 a3 38. Kh2 a2 39. Bg5 a1Q 40. Bf6+ Bxf6 41. hxg6 Bxe5 42. dxe5 Qaxe5 43. g7+ Kg8 0-1

[Event "Ostrava op-A"]
[Site "Ostrava"]
[Date "2003.05.11"]
[Round "10"]
[White "Pardy, Martin"]
[Black "Novak, Bohdan"]
[Result "1-0"]
[WhiteElo "2057"]
[BlackElo "1896"]
[PlyCount "55"]
[EventDate "2003.05.03"]
[EventType "swiss"]
[EventRounds "10"]
[EventCountry "CZE"]
[SourceTitle "EXT 2006"]
[Source "ChessBase"]
[SourceDate "2005.11.24"]
[SourceVersion "1"]
[SourceVersionDate "2005.11.24"]
[SourceQuality "1"]

1. d4 Nf6 2. e3 d5 3. Bd3 e6 4. Nf3 c5 5. c3 Nc6 6. 0-0 h6 7. Nbd2 Be7 8. Qe2 cxd4 9. exd4 0-0 10. Ne5 Bd6 11. Ndf3 Nd7 12. Bc2 Ncxe5 13. dxe5 Bxe5 14. Nd4 Bxd4 15. cxd4 f5 16. g4 f4 17. Qd3 Qg5 18. f3 Kf7 19. b3 Ke8 20. Ba3 Rf7 21. Rf2 b6 22. Qc3 Bb7 23. h4 Qxh4 24. Bg6 Rc8 25. Qb4 Rc6 26. Rh2 Qg3+ 27. Rg2 Qh4 28. g5 1-0

[Event "Ostrava op-A"]
[Site "Ostrava"]
[Date "2003.05.04"]
[Round "3"]
[White "Novak, Bohdan"]
[Black "Slovacek, Petr"]
[Result "0-1"]
[WhiteElo "1896"]
[BlackElo "2089"]
[PlyCount "106"]
[EventDate "2003.05.03"]
[EventType "swiss"]
[EventRounds "10"]
[EventCountry "CZE"]
[SourceTitle "EXT 2006"]
[Source "ChessBase"]
[SourceDate "2005.11.24"]
[SourceVersion "1"]
[SourceVersionDate "2005.11.24"]
[SourceQuality "1"]

1. e4 c5 2. Nc3 Nc6 3. g3 Nf6 4. Bg2 g6 5. d3 d6 6. h3 Bg7 7. f4 e6 8. Nce2 Qb6 9. c3 Ng8 10. Qc2 Nge7 11. Be3 Qa5 12. Nf3 Bd7 13. Bf2 Qc7 14. g4 h5 15. 0-0-0 b6 16. Kb1 d5 17. g5 0-0 18. Bg3 Qb7 19. Nh4 d4 20. Rhf1 dxc3 21. bxc3 b5 22. Kc1 b4 23. e5 Nd5 24. Kd2 bxc3+ 25. Nxc3 Ncb4 26. Nxd5 Nxd5 27. Rb1 Qa6 28. Bxd5 exd5 29. Qxc5 Bxh3 30. Rfc1 Rfd8 31. a3 Bf8 32. Qc6 Qxa3 33. Nxg6 Bb4+ 34. Ke3 Rac8 35. Qf6 Bc5+ 36. Rxc5 Qxc5+ 37. Kf3 Bg4+ 38. Kg2 Qc2+ 39. Bf2 Bh3+ 40. Kxh3 Qxd3+ 41. Kg2 Qe4+ 42. Kh2 Qxg6 43. Qxg6+ fxg6 44. Bxa7 Rd7 45. Bd4 Rc6 46. Rb5 Kf7 47. Kg3 Rc4 48. Bc5 Rc3+ 49. Kg2 Rc7 50. Bd6 Ra7 51. Rb2 Ke6 52. Bb4 Rc4 53. Bd2 Rac7 0-1

[Event "Ostrava op-A"]
[Site "Ostrava"]
[Date "2003.05.03"]
[Round "1"]
[White "Novak, Bohdan"]
[Black "Baier, Pavel"]
[Result "0-1"]
[WhiteElo "1896"]
[BlackElo "2194"]
[PlyCount "54"]
[EventDate "2003.05.03"]
[EventType "swiss"]
[EventRounds "10"]
[EventCountry "CZE"]
[SourceTitle "EXT 2006"]
[Source "ChessBase"]
[SourceDate "2005.11.24"]
[SourceVersion "1"]
[SourceVersionDate "2005.11.24"]
[SourceQuality "1"]

1. d4 g6 2. Nf3 Bg7 3. c3 Nf6 4. Bg5 b6 5. e3 Bb7 6. Nbd2 d6 7. Bxf6 Bxf6 8. h4 h6 9. Bd3 Nd7 10. Qc2 e6 11. 0-0-0 Qe7 12. Kb1 Bg7 13. e4 a6 14. Rhe1 e5 15. Nc4 0-0 16. Ne3 c6 17. g4 exd4 18. cxd4 c5 19. d5 b5 20. h5 Rfe8 21. Nd2 c4 22. Ndxc4 bxc4 23. Nxc4 Ne5 24. hxg6 fxg6 25. g5 h5 26. b3 Nxc4 27. Bxc4 Qe5 0-1